|
|
|
|
| LEADER |
00000cam a2200000 a 4500 |
| 001 |
UCY8200 |
| 003 |
CL-VaPUC |
| 008 |
950703e19610000AG |||||||||||||||||spa|d |
| 082 |
0 |
4 |
|a 190
|b SCI
|2 21
|
| 100 |
0 |
|
|a Sciacca, Michele Federico
|e author
|9 339446
|
| 245 |
1 |
3 |
|a La clepsidra
|
| 300 |
|
|
|a 103 p
|
| 942 |
|
|
|c BK
|
| 945 |
|
|
|d 19950703 00:00:00
|a aalvarez
|
| 260 |
|
|
|a Buenos Aires
|b Columba
|c 1961
|
| 650 |
|
0 |
|a Filosofía contemporánea
|9 265372
|
| 650 |
|
0 |
|a Antropología filosófica
|9 265842
|
| 650 |
|
0 |
|a Cristianismo
|9 257361
|
| 650 |
|
0 |
|a Filosofía
|9 223554
|
| 583 |
|
|
|a last modification
|c 20141107 01:48:38
|k Rodrigo Vera
|
| 999 |
|
|
|c 235477
|d 235475
|
| 952 |
|
|
|0 0
|1 0
|4 0
|6 190_000000000000000_SCI_1961
|7 0
|8 A
|9 242925
|a BIBEDU
|b BIBEDU
|d 2019-11-18
|i 3100715
|o 190 SCI 1961
|p 3100715
|r 2019-11-18
|w 2019-11-18
|y BK
|k FIL
|
| 952 |
|
|
|0 0
|1 0
|3 erb
|4 0
|6 190_000000000000000_SCI_1961
|7 0
|8 X
|9 242926
|a FDOBUD
|b FDOBUD
|i 5106435
|o 190 SCI 1961
|p 5106435
|r 2019-11-18
|w 2019-11-18
|y BK_X
|z Catalogado en:20141107
|k BUD
|